LOS UNIVERSALES LINGUISTICOS (Y LOS OTROS) /

-д хадгалсан:
Номзүйн дэлгэрэнгүй
Үндсэн зохиолч: Coseriu, Eugenio (autor)
Формат: Ном
Цуврал:CUADERNOS DE LINGUISTICA ; 2
Нөхцлүүд:
Шошгууд: Шошго нэмэх
Шошго байхгүй, Энэхүү баримтыг шошголох эхний хүн болох!

MARC

LEADER 00000nam^a2200000^a^4500
001 000245856
005 20250521000000.0
009 20260310105516.61
035 |a 035333 
037 |a Acervo Xavier Clavigero 
082 |a 410.  |b COS 
100 |a Coseriu, Eugenio  |e (autor) 
245 1 4 |a LOS UNIVERSALES LINGUISTICOS (Y LOS OTROS) /  |c EUGENIO COSERIU ; TR. CLAUDIA PARODI 
264 |a MEXICO :  |b UNAM,  |c 1978 
300 |a 54 p. 
336 |a texto  |b txt  |2 rdacontenido 
337 |a sin mediación  |b n  |2 rdamedio 
338 |a volumen  |b nc  |2 rdasoporte 
440 |a CUADERNOS DE LINGUISTICA ;  |v 2 
649 |a XX 
650 |a Lingüística 
910 |a Fondo General 
920 |a Impresos - Libros 
930 |a Colección General 
905 |a 101 
901 |a 035333  |b IT1  |c ACC  |i 035333  |u 20250521 
902 |a https://opac.biblio.iteso.mx/vufind/Record/000245856